000 00617nam a22002177a 4500
005 20160917145213.0
008 160917b xxu||||| |||| 00| 0 eng d
020 _a9789331327925
_c695.00
040 _aLoreto College
041 _aEnglish
082 _a371.33
_bMAR
100 _aMarisamy,K.
245 _aEducation technology
_cK.Marisamy
260 _aNew Delhi
_bA.P.H. Publishing
_c2016
300 _aix,174p
_b22cm
504 _aIncludes bibliographical references and index
650 _aMethods of instruction and study
650 _aTeaching aids,equipment,material
850 _aLCBED
942 _cBK
999 _c40761
_d91240